| 000 | 00619nam a2200229 i 4500 | ||
|---|---|---|---|
| 001 | bgj | ||
| 245 | 0 | 0 |
_aLiteratursoziologie _n2, _pBeiträge zur Praxis / _cHrsg. von Joachim Bark. |
| 260 |
_aStuttgart : _bVerlag W. Kohlhammer, _cc. 1974. |
||
| 300 |
_a195 S. ; _c21 cm. |
||
| 504 | _aBibliographie S. 195. | ||
| 505 | _aRegister. | ||
| 650 | 9 | _aLiteratursoziologie | |
| 650 | 9 | _aLiteraturwissenschaft | |
| 650 | 9 | _aSoziologie | |
| 700 | 1 | _aBARK, Joachim. | |
| 020 | _a3170015052 | ||
| 040 | _cBPK | ||
| 041 | 0 | _ager | |
| 920 | _a3-17-001505-2 | ||
| 942 | _cKS | ||
| 008 | s gw f |000 0 ger | ||
| 999 |
_c50975 _d50975 |
||
| 856 |
_uhttp://koha.tu.koszalin.pl/cgi-bin/koha/opac-detail.pl?biblionumber=50975 _yKatalog online BPK |
||